000 00555nam a2200229Ia 4500
003 OSt
005 20220924142148.0
006 a|||||r|||| 00| 0
007 ta
008 220923b |||||||| |||| 00| 0 ben d
024 _a300622
037 _cTextual
040 _aARTS
_cARTS
_bben
041 _2ben
_aben
082 _aU8.58M.N50, 157N6
100 _aRolland
_9206988
245 0 _aMoscou dinlipy
260 _c1996
650 _aGEOGRAPHY
942 _hU8.58M.N50, 157N6
_cTEXL
_2CC
999 _c449506
_d449506